Big Bang Guest or NOT? Quiz Stats

 Plays Quiz not verified by Sporcle

Score 0/30 Timer 05:00
4 Plays Today
% Correct
TBBT Guest
93.9%
TBBT Guest
90.9%
TBBT Guest
88.3%
TBBT Guest
87.6%
TBBT Guest
84%
TBBT Guest
83.2%
NOT
83%
TBBT Guest
81.2%
NOT
81.2%
TBBT Guest
78.7%
TBBT Guest
78.7%
NOT
77.7%
NOT
74.6%
NOT
72.8%
TBBT Guest
71.1%
% Correct
NOT
69%
TBBT Guest
68.3%
NOT
68.3%
NOT
66.8%
NOT
61.9%
NOT
61.9%
TBBT Guest
60.4%
TBBT Guest
60.4%
NOT
58.4%
NOT
54.1%
TBBT Guest
53%
NOT
49.7%
NOT
48.7%
TBBT Guest
47%
NOT
45.2%

You're not logged in!

Compare scores with friends on all Sporcle quizzes.
OR
Log In

Show Comments

Extras

Top Quizzes Today


Score Distribution

Your Account Isn't Verified!

In order to create a playlist on Sporcle, you need to verify the email address you used during registration. Go to your Sporcle Settings to finish the process.

Report this User

Report this user for behavior that violates our Community Guidelines.

Details: